A qué jugamos ?: el juego como estrategia de enseñanza y aprendizaje, incluye propuestas para el trabajo con niños de sectores marginados

Saved in:
Bibliografiske detaljer
Hovedforfatter: Ivern, Alberto (Author)
Format: Bog
Sprog:spansk
Udgivet: Buenos Aires Bonum 1994
Serier:Colección Juegos y Dinámicas
Fag:
Tags: Tilføj Tag
Ingen Tags, Vær først til at tagge denne postø!

MARC

LEADER 00000nam a2200000 a 4500
001 UCT0783
003 CL-VaPUC
008 960906e19940000AG |||||||||||||||||spa|d
082 0 4 |a 371.307  |b IVE  |2 21 
100 0 |a Ivern, Alberto  |e author  |9 369258 
245 1 0 |a A qué jugamos ?: el juego como estrategia de enseñanza y aprendizaje, incluye propuestas para el trabajo con niños de sectores marginados 
300 |a 215 p 
942 |c BK 
945 |d 19960906 00:00:00  |a nastorga 
260 |a Buenos Aires  |b Bonum  |c 1994 
650 0 |a Juegos educativos  |9 307366 
650 7 |a NIÑOS SOCIALMENTE DESFAVORECIDOS  |2 CL-VaPUC  |9 323883 
650 0 |a Pedagogía  |9 255351 
650 0 |a Métodos de enseñanza  |9 270413 
650 7 |a ESTRATEGIAS DE LA EDUCACION  |2 CL-VaPUC  |9 368558 
650 0 |a Métodos de aprendizaje  |9 334464 
650 0 |a Cultura  |9 269059 
650 7 |a ESCUELA  |2 CL-VaPUC  |9 347989 
650 0 |a Juegos infantiles  |9 307365 
650 7 |a RECREACION  |2 CL-VaPUC  |9 369259 
583 |a last modification  |c 19960906 00:00:00  |k Rodrigo Vera 
490 0 |a Colección Juegos y Dinámicas 
999 |c 251489  |d 251487 
952 |0 0  |1 0  |4 0  |6 371_307000000000000_IVE_1994  |7 0  |8 A  |9 270682  |a BIBEDU  |b BIBEDU  |d 2019-11-19  |i 3228126  |l 1  |m 1  |o 371.307 IVE 1994  |p 3228126  |q 2025-05-12  |r 2025-04-29  |s 2025-04-29  |w 2019-11-19  |y BK  |k EPE